LEADER 00849nam0 22002653i 450 001 SBL0645102 005 20231121125830.0 100 $a20131112d1968 ||||0itac50 ba 101 | $aeng 102 $agb 181 1$6z01$ai $bxxxe 182 1$6z01$an 200 1 $aJoseph Conrad$fJ. I. M. Stewart 210 $aLondon$cLongmans$d1968 215 $a272 p.$d21 cm. 606 $aConrad, Joseph$2FIR$3RMLC002015$9E 700 1$aStewart$b, J. I. M.$3NAPV093798$4070$050745 801 3$aIT$bIT-01$c20131112 850 $aIT-FR0017 899 $aBiblioteca umanistica Giorgio Aprea$bFR0017 912 $aSBL0645102 950 0$aBiblioteca umanistica Giorgio Aprea$d 52MAG 11/2078$e 52MAG0000040105 VMB RS $fA $h20131112$i20131112 977 $a 52 996 $aJoseph Conrad$93637151 997 $aUNICAS